000 00626nam a2200205Ia 4500
005 20250923145322.0
008 008 250917s9999 xx 000 0 eng d
037 _aTextual
040 _aDSWL
_beng
_cDSWL
041 _aeng
_2eng
084 _aY12:45.4653, N72
_qDSWL
100 _aReifen, David
_9834022
245 0 _aJuvenile court in a changing society : Youth offender in brail
_c by David Reifen
260 _aLondon
_bWeidenfield & Nicolson
_c1972
300 _axvi,214 p.
365 _aINR
_b54 . 0
925 _g54 . 0
942 _cTEXL
_hY12:45.4653, N72
999 _c1449924
_d1449924